| 000 | 01479nam a22003977a 4500 | ||
|---|---|---|---|
| 001 | 0048397 | ||
| 003 | KOHA_MİRAKIL | ||
| 005 | 20260207003616.0 | ||
| 007 | ta | ||
| 008 | 150526b2012 tu |||gr||||#||||0|tur | | ||
| 020 |
_a9786058686014 _q(v.1) |
||
| 020 |
_a9786058686038 _q(v.2) |
||
| 020 |
_a9786058686007 _q(set) |
||
| 040 |
_aTR-BiSEU _btur _cTR-BiSEU _erda |
||
| 041 | 0 | _atur | |
| 044 | _ctu | ||
| 050 |
_aBP1 _b.S57 2012 |
||
| 245 | 0 |
_aSırâtımüstak̇im: din, felsefe, edebiyat, hukuk ve ulûmdan bâhis haftalık risâleler/ _cÇeviri-yazı neşri ve proje yürütücüsü M. Ertuğrul Düzdağ; Editör Mustafa İsmet Uzun. |
|
| 264 | 1 |
_aİstanbul : _bBağcılar Belediye Başkanlığı _c2012 |
|
| 300 |
_a4 c.: facsims ; _c33 cm. + _e 1 CD-ROM (4 3/4 in.) |
||
| 336 |
_ametin _btxt _2rdacontent |
||
| 337 |
_aaracısız _bn _2rdamedia |
||
| 338 |
_acilt _bnc _2rdacarrier |
||
| 490 | 0 | _aSırâtımüstakim - Sebîlürreşâd Külliyâtı Neşri. | |
| 490 | 0 | _aKültür Yayınları Dizisi No. | |
| 490 | 0 | _a218 | |
| 500 | _aVolume 1: second edition, 2013. | ||
| 500 | _aCD-ROM 1: cild 1, sayı 1-26. | ||
| 650 | 0 |
_aSırat-ı müstakim--Indexes. _988853 |
|
| 650 | 0 |
_aIslamic renewal--Periodicals--Indexes. _988854 |
|
| 650 | 0 |
_aIslam--Periodicals--Indexes. _988855 |
|
| 830 | 0 |
_aSırâtımüstakim - Sebîlürreşâd Külliyâtı Neşri. _988856 |
|
| 830 | 0 |
_aKültür Yayınları Dizisi No. _988857 |
|
| 830 | 0 |
_a218 _910640 |
|
| 942 |
_2lcc _cBK |
||
| 999 |
_c48237 _d48237 |
||